000 00296nam a2200121Ia 4500
008 250327s9999 xx 000 0 und d
020 _a9781526424730
082 _bMCB
_aCQR
100 _aMATTHEW MCBEE
_934578
245 0 _aSTATISTICAL APPROACHES TO CAUSAL ANALYSIS
260 _bSAGE
942 _cBK
999 _c7378
_d7378